College Football Teams by First Season - Statistics

General Stats
  • This quiz has been taken 30 times
  • The average score is 4 of 19
Answer Stats
Hint Answer % Correct
1978 Air Force | Alabama | Appalachian State | Arizona | Arizona State | Arkansas | Arkansas State | Army | Auburn | Ball State | Baylor | Boston College | Bowling Green | Brown | BYU | Cal State Fullerton | California | Central Michigan | Chattanooga | Cincinnati | Clemson | Colgate | Colorado | Colorado State | Columbia | Cornell | Dartmouth | Duke | East Carolina | Eastern Michigan | Florida | Florida State | Fresno State | Furman | Georgia | Georgia Tech | Harvard | Hawaii | Holy Cross | Houston | Illinois | Indiana | Iowa | Iowa State | Kansas | Kansas State | Kent State | Kentucky | Lamar | Long Beach State | Louisiana | Louisiana-Monroe | Louisiana Tech | Louisville | LSU | Marshall | Maryland | McNeese | Memphis | Miami | Miami of Ohio | Michigan | Michigan State | Minnesota | Mississippi State | Missouri | Navy | NC State | Nebraska | New Mexico | New Mexico State | North Carolina | North Texas | Northern Illinois | Northwestern | Notre Dame | Ohio | Ohio State | Oklahoma | Oklahoma State | Ole Miss | Oregon | Oregon State | Pacific | Penn | Penn State | Pittsburgh | Princeton | Purdue | Rice | Richmond | Rutgers | San Diego State | San Jose State | SMU | South Carolina | Southern Miss | Stanford | Syracuse | TCU | Temple | Tennessee | Tennessee State | Texas | Texas A&M | Texas Tech | The Citadel | Toledo | Tulane | Tulsa | UCLA | UNLV | USC | UT Arlington | Utah | Utah State | UTEP | Vanderbilt | Villanova | Virginia | Virginia Tech | VMI | Wake Forest | Washington | Washington State | West Virginia | Western Carolina | Western Michigan | Wichita State | William & Mary | Wisconsin | Wyoming | Yale
89%
2023 Jacksonville State | Sam Houston
32%
2014 Appalachian State | Georgia Southern | Old Dominion
26%
1996 Boise State | Idaho | UAB | UCF
26%
2000 Connecticut | South Florida
26%
2004 FIU | Florida Atlantic
26%
2013 Georgia State
21%
2022 James Madison
21%
2012 Massachusetts | South Alabama | Texas State | UTSA
21%
1999 Buffalo | Middle Tennessee
16%
2015 Charlotte
16%
2017 Coastal Carolina
16%
2024 Kennesaw State
16%
2001 Troy
16%
2008 Western Kentucky
16%
2018 Liberty
11%
1992 Nevada
11%
1987 Akron
5%
1979 East Tennessee State
5%
No matching quizzes found
Score Distribution
Percent of People with Each Score
Percentile by Number Answered
Your Score History
You have not taken this quiz